000 00809npm a2200229 i 4500
001 5296
003 ES-MaACL
005 20230908152402.0
007 hzrazu bucu
008 900427r19901814sp b 00010 spa d
080 _a615
100 1 _aBañares, Gregorio.
_925225
245 1 0 _aFilosofia farmaceutica
_b: o la farmacia reducida a sus verdaderos principios [Microforma] /
_cGregorio Bañares.
260 _aMadrid :
_bAteneo Cientifico, Literario y Artistico,
_c1990.
300 _a2 microfichas :
_bnegativo.
500 _aPublicado originalmente: Madrid, Impr. Real, 1814, 2a ed. en 2 v.
505 8 _aMicroficha n.1: Tomo 1 -- Microficha n. 2: Tomo 2
650 1 4 _aObras de 1800.
_915662
852 _aES-MaACL
_jMCF-40
_95413
_cDEPO1
942 _2udc
_cMICROFORMA
999 _c5296
_d5296